| 000 | 01173nam a22002657a 4500 | ||
|---|---|---|---|
| 005 | 20170124102949.0 | ||
| 010 | _aB-053865 | ||
| 020 |
_c30.00 _a8176042013 |
||
| 035 | _aB-053865 | ||
| 037 | _bCen Lib/Ret | ||
| 040 |
_aDPL _bHN |
||
| 082 |
_aउ _bसतिवेंस |
||
| 100 |
_aसतिवेंसन, आर.एल. _944003 |
||
| 245 |
_aखजाने वाला द्वीप / _cआर.एल.सतिवेंसन; अनुवादक विनय मोहन शर्मा |
||
| 246 |
_aKhazane wala dweep / _bby R.L. Stivensan ;anuvadak Vinay Mohan Sharma |
||
| 260 |
_a दिल्ली _bरजा पॉकेट बुक्स _c2001 |
||
| 270 |
_bदिल्ली _a३३०/१, बुराड़ी _e110084 |
||
| 300 |
_a70पृ.: _c21सेमी(सजिल्द ) _bसचित्र |
||
| 650 |
_aहिंदी साहित्य _x _z _951110 |
||
| 650 |
_aहिंदी उपन्यास _951111 |
||
| 650 |
_aHindi literature _951112 |
||
| 650 |
_aHindi fiction _927248 |
||
| 700 |
_aशर्मा, विनय मोहन _951113 |
||
| 942 |
_2ddc _cHN _hउ _mसतिवेंस |
||
| 999 |
_c113205 _d113205 |
||